[Event "Angers op 16th"]
[Site "Angers"]
[Date "2023.05.20"]
[Round "3"]
[White "Tapie, Jean"]
[Black "Allard Nedellec, Guilhem"]
[Result "0-1"]
[WhiteElo "1914"]
[BlackElo "1906"]
[PlyCount "110"]
[EventDate "2023.05.19"]
[EventType "swiss"]
[EventRounds "6"]
[EventCountry "FRA"]
[SourceTitle "CBM 214 Extra"]
[Source "ChessBase"]
[SourceDate "2023.07.31"]
[SourceVersion "1"]
[SourceVersionDate "2023.07.31"]
[SourceQuality "1"]

1. e4 e6 2. d4 d5 3. Nc3 Nf6 4. e5 Nfd7 5. f4 c5 6. Nf3 Nc6 7. Be3 a6 8. a3 b5 9. Ne2 Bb7 10. c3 Qc7 11. dxc5 Nxc5 12. Ned4 Ne4 13. Bd3 Bc5 14. 0-0 Ne7 15. Kh1 Rc8 16. Rc1 g6 17. a4 bxa4 18. Qxa4+ Kf8 19. Qc2 h6 20. Ra1 Ra8 21. b4 Bxd4 22. Bxd4 Kg7 23. c4 Nf5 24. c5 Rhb8 25. Bg1 Bc6 26. Rfb1 Qc8 27. g4 Ne7 28. Nd4 Bd7 29. Be3 Nc6 30. Nxc6 Bxc6 31. Bd4 Kh7 32. Qe2 Bb5 33. Ra5 Bxd3 34. Qxd3 Qd8 35. Ra2 Qh4 36. Qf3 Rxb4 37. Rxb4 Qe1+ 38. Bg1 Qxb4 39. f5 Ng5 40. fxg6+ fxg6 41. Qg2 Qe1 42. Re2 Qc3 43. Qf2 Rg8 44. Qe3 Qc4 45. Rf2 d4 46. Qa3 Qd5+ 47. Rg2 Qxe5 48. Qxa6 Rg7 49. Qc4 Nf3 50. Bf2 Qe4 51. h3 Rb7 52. Qa2 Rb1+ 53. Bg1 Nxg1 54. Qa7+ Rb7 55. Qa6 Nf3 0-1

[Event "Agneaux St Lo op 15th"]
[Site "Agneaux"]
[Date "2013.07.08"]
[Round "2"]
[White "Pigeat, Alexandre"]
[Black "Tapie, Jean"]
[Result "1-0"]
[WhiteElo "1942"]
[BlackElo "1644"]
[PlyCount "89"]
[EventDate "2013.07.07"]
[EventType "swiss"]
[EventRounds "9"]
[EventCountry "FRA"]
[SourceTitle "EXT 2014"]
[Source "ChessBase"]
[SourceDate "2013.11.20"]
[SourceVersion "1"]
[SourceVersionDate "2013.11.20"]
[SourceQuality "1"]

1. e4 c5 2. Nf3 d6 3. d4 cxd4 4. Nxd4 Nf6 5. Nc3 a6 6. f3 e6 7. Be3 Nbd7 8. Be2 Be7 9. 0-0 0-0 10. Qd2 Ne5 11. Rad1 Qc7 12. Nb3 b5 13. Qe1 Nc4 14. Bxc4 bxc4 15. Nd2 d5 16. Qf2 Rb8 17. exd5 Nxd5 18. Nxd5 exd5 19. Bd4 Be6 20. Kh1 Qf4 21. Rfe1 Bf6 22. Nf1 Bxd4 23. Rxd4 Qf6 24. c3 Rb5 25. Ng3 Rfb8 26. Rd2 g6 27. Nf1 R8b7 28. Ne3 Kf8 29. g3 Kg8 30. Red1 Kg7 31. h4 h5 32. Ng2 Rd7 33. Nf4 Kh7 34. Kg2 Kg7 35. Re1 Re7 36. Kh2 Kh7 37. Qe3 Rbb7 38. Qc5 Kg7 39. Rde2 Rbd7 40. Qb6 Kh6 41. Re5 Rb7 42. Qd4 Rxb2+ 43. Kg1 Kg7 44. Nxh5+ gxh5 45. Rg5+ 1-0